L'antimaçonnisme catholique. Les Francs-Maçons par Mgr de Ségur.
Na minha lista:
| Main Authors: | , |
|---|---|
| Formato: | Livro |
| Idioma: | inglês |
| Publicado em: |
Paris, France:
Berg international,
1994.
|
| Colecção: | Pensée politique et sciences sociales.
|
| Assuntos: | |
| Tags: |
Adicionar Tag
Sem tags, seja o primeiro a adicionar uma tag!
|
MARC
| LEADER | 00000nam a22000007a 4500 | ||
|---|---|---|---|
| 003 | CL-VaPUC | ||
| 005 | 20231106130722.0 | ||
| 008 | 231102t1994 ||||| |||| 00| 0 eng d | ||
| 999 | |c 442238 |d 442236 | ||
| 020 | |a 2-900269-83-0 | ||
| 040 | |c Pontificia Universidad Católica de Valparaíso | ||
| 082 | |2 22 |a 366.10944 POU 1994 | ||
| 100 | |9 885475 |a Poulat, Émile |e author | ||
| 245 | |a L'antimaçonnisme catholique. |b Les Francs-Maçons par Mgr de Ségur. | ||
| 246 | |a Les Francs-Maçons. |b Ce qu'ils sont, ce qu'ils font, ce qu'ils veulent. Par Mgr de Ségur. | ||
| 260 | |a Paris, France: |b Berg international, |c 1994. | ||
| 300 | |a 202 páginas. | ||
| 490 | |a Pensée politique et sciences sociales. | ||
| 500 | |a c.1 Donación Sr. Jorge Precht Pizarro. 26-05-23. Biblioteca Teología. | ||
| 583 | |c 20231102 |k Yessy Sthefany Diaz Vidal | ||
| 650 | 0 | |9 526932 |a Masones |x Iglesia Católica |y Siglo 19 |z Francia | |
| 650 | 0 | |9 256238 |a Masonería |x Aspectos religiosos |y Siglo 19 |z Francia | |
| 700 | |9 885476 |a Laurant, Jean-Pierre |e author | ||
| 942 | |2 ddc |c BK | ||
| 952 | |0 0 |1 0 |2 ddc |4 0 |6 366_109440000000000_POU_1994 |7 0 |8 A |9 592228 |a BIBTEO |b BIBTEO |c GEN |d 2023-11-02 |e Donación |i 5659221 |o 366.10944 POU 1994 |p 5659221 |r 2025-01-17 |t 1 |w 2023-11-02 |y BK |k ICR | ||